000 00465nam a22001577a 4500
008 160707b xxu||||| |||| 00| 0 eng d
082 _2[2004]
_aDC 512.72
_bV28e
100 _914998
_aEynden, Charles Vanden
245 _aElementary number theory/
_cCharles Vanden Eynden.
250 _a2nd Edition
260 _aBoston:
_bMcGrawHill,
_cc2004.
300 _aviii, 278 pages;
_c21 cm.
500 _aIncludes index.
650 0 _910924
_aNumber theory
942 _2ddc
_cDC
999 _c3273
_d3273